Culture Générale - Série 740 - Statistiques

Statistiques générales
  • Ce quiz a été pris 374 fois
  • Le résultat moyen est 5 sur 10
Statistiques - réponses
Question Réponse % Correct
Quel pays, voisin de la Suède, fait partie de la zone euro depuis le 1er janvier 1999 ? Finlande
92%
Comment appelle-t-on un joueur de ping-pong ? pongiste
90%
De quel fruit à noyau la quetsche est-elle une variété ? prune
79%
Personnage fictif créé par Rabelais, et que l'on associe à "moutons de ... Panurge
72%
Complétez le titre du film réalisé en 1975 par Joël Séria, "Les galettes de ... Pont-Aven
47%
Quelle ville de Corse-du-Sud a donné son nom au détroit séparant la Corse et la Sardaigne ? Bonifacio
37%
Lorsque vous flânez dans le quartier de Plaka, quelle capitale européenne visitez-vous ? Athènes
26%
Quel artiste interprète, avec Sylvie Vartan, “Deux minutes trente-cinq de bonheur”, en 1967 ? Carlos
24%
Complétez ce titre d'un roman de Gabriel García Márquez de 1985 : "L'Amour au temps... du choléra
19%
Complétez le titre du roman de Charles Dickens, "Les grandes ... espérances
18%
Aucun quiz correspondant
Distribution des résultats
% des personnes avec chaque résultat
Percentile par nombre de réponses
Votre historique - résultats
Vous n’avez pas pris ce quiz